| 000 | 00946nam a22003017a 4500 | ||
|---|---|---|---|
| 003 | CHAP | ||
| 005 | 20220817042255.0 | ||
| 008 | 971013s1910 mx r 00010 spa d | ||
| 010 | _a39278 | ||
| 011 | _a40250 | ||
| 035 | _a44375 | ||
| 040 | _cCHAP | ||
| 090 | _aFolleto 6043 | ||
| 110 | 2 |
_aEstación Agrícola Experimental de San Juan Bautista, Tab. _938211 |
|
| 245 | 1 | _aBreves apuntes sobre el cutivo del Hevea brasilensis ó hule de Pará | |
| 260 |
_aMéxico, D. F. : _bSecretaría de Fomento, _c1910 |
||
| 300 | _a14 p. | ||
| 490 |
_aBoletín _v; 5 |
||
| 590 |
_aBATCH-UPD _b10 _c20130110 _lUCH01 _h1703 |
||
| 590 |
_aBATCH-UPD _b10 _c20130410 _lUCH01 _h1050 |
||
| 590 |
_aBATCH-UPD _b10 _c20130914 _lUCH01 _h0650 |
||
| 590 |
_aCONVERSION _b10 _c20130109 _lUCH01 _h1322 |
||
| 650 | 1 | 4 | _aHevea brasiliensis. |
| 830 | 0 |
_aBoletín _v; 5 _913507 |
|
| 901 | _aBK | ||
| 942 | _cFOLL | ||
| 949 |
_aFolleto 6043 _bBC _cBPP _d-101687 _eBPP _i44375 _mD _si |
||
| 999 |
_c39278 _d39278 |
||